| 000 | 00939nam a2200265Ia 4500 | ||
|---|---|---|---|
| 003 | OSt | ||
| 005 | 20221005111047.0 | ||
| 006 | a|||||r|||| 00| 0 | ||
| 007 | ta | ||
| 008 | 221004b |||||||| |||| 00| 0 hin d | ||
| 020 |
_a9788183616423 (hbk) _c300 |
||
| 024 | _a17445 | ||
| 037 |
_bSP/3820, 25/03/2015, Star Publications Pvt. Ltd. _cTextual |
||
| 040 |
_aCRL _cCRL _bhin |
||
| 041 |
_2hin _ahin |
||
| 082 | _aY15:(W:5), 152Q4 | ||
| 100 | _aमेहरोत्रा, ममता | ||
| 245 | 0 | _aमहिला अधिकार | |
| 246 | _aMahilā adhikāra | ||
| 260 |
_aनई दिल्ली _bराधाकृष्ण भारत _c2014 |
||
| 300 |
_a123पृ0 _ccm. |
||
| 650 |
_aनारी अधिकार _9156353 |
||
| 942 |
_hY15:(W:5), 152Q4 _cTEXL _2cc |
||
| 999 |
_c1020679 _d1020679 |
||